02728nam a2200313 i 4500001000700000003000700007005001700014008004100031015001000072017005000082020001800132040002900150100005100179245010400230250000900334260001700343300002800360336002200388337003000410338002400440520155800464650003702022655002702059852011402086903004302200942001802243999001902261952013402280194525SpMaBN20250711063124.0240503s2023 sp | |||| 000 spa  aMON23 aM 26503-2023bOficina Depósito Legal Madrid a9788416842841 aSpMaBNbspacSpMaBNerda aRomero Ramírez, Vicente, d19479236190eaut aLos señores de las tijeras : bel cine que la censura nos prohibió / cVicente Romero Ramírez a2023 bAkal, c2023 a301 páginas ; c22 cm aTexto2rdacontent asin mediación2rdamedia avolumen2rdacarrier aDesde sus orígenes, el cine ha sido objeto de control para eliminar aquello que en cada época el poder consideraba «peligroso». En este libro, ameno al estar concebido como un gran reportaje, Vicente Romero nos narra la historia de la censura en el cine español, con especial atención a los cuarenta años de la dictadura franquista, cuando los señores de las tijeras –principalmente falangistas y representantes de la Iglesia– impusieron los criterios religiosos y políticos oficiales sobre lo que se podía o no ver en las pantallas: imágenes cortadas, diálogos suprimidos, argumentos tergiversados por el doblaje... hasta extremos tan absurdos y ridículos que hoy nos generan una sonrisa, pero que representaron una condena para nuestro cine. Esta rigurosa investigación nos ofrece testimonios de nuestros principales cineastas (Berlanga, Bardem, Saura, Iquino, etcétera), así como de integrantes de las juntas de censura, junto a algunas imágenes de secuencias prohibidas y una selección de documentos oficiales inéditos sobre la actuación de los llamados ángeles guardianes que se esmeraban en una represión cultural destinada –según afirmó el ministro de Información, Arias Salgado– a salvar almas de españoles. Ante los ojos del lector, en estas páginas se despliega una atractiva crónica de los tiempos más difíciles y oscuros de la sociedad española, no tan lejanos, cuando permanecía sometida a la estrechez moral y el dogmatismo del régimen surgido de la Guerra Civil. 4911016aCine-xCensura-zEspaña 09237084aCine español aES-MaACLcDEPOJjN-9952hDonación: José Lázaro GarcíaxEncuadernación rústica con solapas9205864 9234219aLázaro García, Joséednr cMONOGRAFIAn0 c194525d194525 00102udc4070aATENEOMbATENEOMcDEPOJd2025-05-27eDONACIONl0oN-9952p101230201r2025-05-27 00:00:00w2025-05-27yMONOGRAFIA